<?xml version="1.0" encoding="UTF-8"?>
<record
    xmlns:xsi="http://www.w3.org/2001/XMLSchema-instance"
    xsi:schemaLocation="http://www.loc.gov/MARC21/slim http://www.loc.gov/standards/marcxml/schema/MARC21slim.xsd"
    xmlns="http://www.loc.gov/MARC21/slim">

  <leader>03068cam a2200289 a 4500</leader>
  <datafield tag="999" ind1=" " ind2=" ">
    <subfield code="c">30025</subfield>
    <subfield code="d">30025</subfield>
  </datafield>
  <controlfield tag="001">16946129</controlfield>
  <controlfield tag="005">20190128092044.0</controlfield>
  <controlfield tag="008">110902s2012    enka     b    000 0 eng  </controlfield>
  <datafield tag="010" ind1=" " ind2=" ">
    <subfield code="a">  2011036789</subfield>
  </datafield>
  <datafield tag="020" ind1=" " ind2=" ">
    <subfield code="a">9780195392753 (alk. paper)</subfield>
  </datafield>
  <datafield tag="040" ind1=" " ind2=" ">
    <subfield code="a">DLC</subfield>
    <subfield code="c">DLC</subfield>
    <subfield code="d">DLC</subfield>
  </datafield>
  <datafield tag="042" ind1=" " ind2=" ">
    <subfield code="a">pcc</subfield>
  </datafield>
  <datafield tag="050" ind1="0" ind2="0">
    <subfield code="a">H61</subfield>
    <subfield code="b">.O95 2012</subfield>
  </datafield>
  <datafield tag="082" ind1="0" ind2="0">
    <subfield code="a">300.1</subfield>
    <subfield code="2">23</subfield>
  </datafield>
  <datafield tag="245" ind1="0" ind2="4">
    <subfield code="a">The Oxford handbook of philosophy of social science /</subfield>
    <subfield code="c">edited by Harold Kincaid.</subfield>
  </datafield>
  <datafield tag="246" ind1="3" ind2=" ">
    <subfield code="a">Philosophy of social science</subfield>
  </datafield>
  <datafield tag="260" ind1=" " ind2=" ">
    <subfield code="a">Oxford ;</subfield>
    <subfield code="a">New York :</subfield>
    <subfield code="b">Oxford University Press,</subfield>
    <subfield code="c">c2012.</subfield>
  </datafield>
  <datafield tag="300" ind1=" " ind2=" ">
    <subfield code="a">xviii, 657 p. :</subfield>
    <subfield code="b">ill. ;</subfield>
    <subfield code="c">26 cm.</subfield>
  </datafield>
  <datafield tag="490" ind1="0" ind2=" ">
    <subfield code="a">Oxford handbooks</subfield>
  </datafield>
  <datafield tag="504" ind1=" " ind2=" ">
    <subfield code="a">Includes bibliographical references.</subfield>
  </datafield>
  <datafield tag="505" ind1="0" ind2=" ">
    <subfield code="a">Introduction: doing philosophy of social science / Harold Kincaid -- Micro, macro, and mechanisms / Petri Ylikoski -- Mechanisms, causal modeling, and the limitations of traditional multiple regression / Harold Kincaid -- Process tracing and causal mechanisms / David Waldner -- Descriptive-causal generalizations : "empirical laws" in the social sciences? / Gary Goertz -- Useful causal complexity / David Byrne and Emma Uprichard -- Partial explanations in social science / Robert Northcott -- Counterfactuals / Julian Reiss -- Mechanistic social probability : how individual choices and varying circumstances produce stable social patterns / Marshall Abrams -- The impact of Duhemian principles on social science testing and progress / Fred Chernoff -- Philosophy and the practice of Bayesian statistics in the social sciences / Andrew Gelman and Cosma Rohilla Shalizi -- Sciences of historical tokens and theoretical types : history and the social sciences / Aviezer Tucker -- RCTs, evidence and predicting policy effectiveness / Nancy Cartwright -- Bringing context and variability back in to causal analysis / Stephen Morgan and Christopher Winship -- The potential value of computational models in social science research / Ken Kollman -- Models of culture / Mark Risjord -- Norms / David Henderson -- The evolutionary programme in social philosophy / Francesco Guala -- Cultural evolution : integration and scepticism / Tim Lewens -- Coordination and the foundations of social intelligence / Don Ross -- Making race out of nothing : psychologically constrained social roles / Ron Mallon &amp; Daniel Kelly Mallon -- A feminist empirical and integrative approach in political science : breaking-down the glass wall? / Amy G. Mazur -- Social constructions of mental illness / Allan Horwitz -- Cooperation and reciprocity : empirical evidence and normative implications / James Woodward -- Evaluating social policy / Daniel M. Hausman -- Values and the science of well-being : a recipe for mixing / Anna Alexandrova.</subfield>
  </datafield>
  <datafield tag="650" ind1=" " ind2="0">
    <subfield code="a">Social sciences</subfield>
    <subfield code="x">Philosophy.</subfield>
  </datafield>
  <datafield tag="650" ind1=" " ind2="0">
    <subfield code="a">Social sciences</subfield>
    <subfield code="x">Research.</subfield>
  </datafield>
  <datafield tag="700" ind1="1" ind2=" ">
    <subfield code="a">Kincaid, Harold,</subfield>
    <subfield code="d">1952-</subfield>
  </datafield>
  <datafield tag="906" ind1=" " ind2=" ">
    <subfield code="a">7</subfield>
    <subfield code="b">cbc</subfield>
    <subfield code="c">orignew</subfield>
    <subfield code="d">1</subfield>
    <subfield code="e">ecip</subfield>
    <subfield code="f">20</subfield>
    <subfield code="g">y-gencatlg</subfield>
  </datafield>
  <datafield tag="942" ind1=" " ind2=" ">
    <subfield code="2">lcc</subfield>
    <subfield code="c">BOOKS</subfield>
    <subfield code="h">H61 .O95 2012</subfield>
  </datafield>
  <datafield tag="952" ind1=" " ind2=" ">
    <subfield code="0">0</subfield>
    <subfield code="1">0</subfield>
    <subfield code="2">lcc</subfield>
    <subfield code="4">0</subfield>
    <subfield code="7">0</subfield>
    <subfield code="a">MUC</subfield>
    <subfield code="b">MUC</subfield>
    <subfield code="c">%</subfield>
    <subfield code="d">2019-01-28</subfield>
    <subfield code="e">Donation (EYS)</subfield>
    <subfield code="l">0</subfield>
    <subfield code="o">H61 .O95 2012</subfield>
    <subfield code="p">38544</subfield>
    <subfield code="r">2019-01-28</subfield>
    <subfield code="w">2019-01-28</subfield>
    <subfield code="y">BOOKS</subfield>
  </datafield>
</record>
